| 000 | 00829nam a2200277 i 4500 | ||
|---|---|---|---|
| 003 | EG-GICUC | ||
| 005 | 20260309082426.0 | ||
| 008 | 260309s1955 -uk||||fr|||| 001 0 eng d | ||
| 040 |
_aEG-GiCUC _beng _cEG-GiCUC _dEG-GiCUC _erda |
||
| 041 | 0 | _aeng | |
| 082 | 0 | 4 |
_221 _a341.33 _bMA . R |
| 092 | 0 | 4 | _221 |
| 099 | _aLaw1 11 341.33 MA . R 1955 | ||
| 100 | 1 |
_aMattingly, Garrett _eAuthor. |
|
| 245 | 1 | 0 |
_aRenaissance Diplomacy / _cBy Garrett Mattingly. |
| 264 | 1 |
_aLondon : _bJonathan Cape, _c1955. |
|
| 300 |
_a323 pages, _c24 cm |
||
| 336 |
_2rda content _atext |
||
| 337 |
_2rda media _aComputer |
||
| 338 |
_2rda carrier _aOnline Resource |
||
| 546 | _aText in English | ||
| 650 | 1 | 4 | _aPublic international law |
| 856 | 4 | 0 | _uhttps://fll.law.cu.edu.eg/fulltext/bks/B11-06893.pdf |
| 905 | _a48 | ||
| 942 |
_2ddc _cBK _e21 _n0 |
||
| 999 |
_c65864 _d65864 |
||